| 000 | 01650nam0a22002771 4500 | ||
|---|---|---|---|
| 001 | rc\4301121 | ||
| 005 | 20130416125121.7 | ||
| 021 |
_aRU _b[68-100396] |
||
| 035 | _a(NLR Aleph) 008256708 | ||
| 090 |
_a8370574 _c8370574 |
||
| 100 | _a20130416d1968 |||y0rusy50 ca | ||
| 101 | 0 | _arus | |
| 102 | _aRU | ||
| 105 | _ac z |||a| | ||
| 200 | 1 |
_aХутор _eПовести и рассказы _f[Вступ. статья М. Слонимского] |
|
| 210 |
_aЛенинград _cХудож. лит. Ленингр. отд-ние _d1968 |
||
| 215 |
_a375 с, 1 л. портр. _d17 |
||
| 327 | 1 | _aСодерж.: Хутор; Его рассказ; Лишние; Макарово золото; Бакенщик; Жена; В саду; Жизни рядовой; О моем земляке; Обыкновенный человек; Скворушка; Трудный рейс; Там, где ягель растет; Хват; Капитаны; На перевале | |
| 464 | 0 | _12001#$aХутор$aЕго рассказ$aЛишние$aМакарово золото$aБакенщик$aЖена$aВ саду$aЖизни рядовой$aО моем земляке$aОбыкновенный человек$aСкворушка$aТрудный рейс$aТам, где ягель растет$aХват$aКапитаны$aНа перевале | |
| 700 | 1 |
_aВанин _bК. Т. _f1905- _gКесарь Тихонович |
|
| 702 | 1 |
_aСлонимский _bМ. Л. _f1897-1972 _gМихаил Леонидович _3RU\NLR\AUTH\770234699 _4070 |
|
| 801 | 0 |
_aRU _bNLR _gpsbo |
|
| 801 | 1 |
_aRU _bELAR _2rusmarc |
|
| 852 |
_aNLR _j69-2/230 |
||
| 942 | _cBOOK | ||
| 980 | _aNB | ||